Best Overall Player Ratings in Madden 17 - Statistics

General Stats
  • This quiz has been taken 328 times
  • The average score is 13 of 20
Answer Stats
Hint Answer % Correct
Patriots Tom Brady
98%
Patriots Rob Gronkowski
92%
Panthers Cam Newton
89%
Texans JJ Watt
89%
Steelers Antonio Brown
85%
Falcons Julio Jones
85%
Broncos Von Miller
82%
Packers Aaron Rodgers
79%
Rams Aaron Donald
71%
Giants Odell Beckham Jr
68%
Steelers Le'Veon Bell
62%
Vikings Harrison Smith
60%
Cowboys Tyron Smith
60%
Panthers Luke Kuechly
58%
Raiders Khalil Mack
46%
Redskins Josh Norman
35%
Bengals Geno Atkins
32%
Ravens Marshal Yanda
27%
Cardinal Tyrann Mathieu
27%
Chiefs Justin Houston
26%
No matching quizzes found
Score Distribution
Percent of People with Each Score
Percentile by Number Answered
Your Score History
You have not taken this quiz